000 00860nam a2200241Ia 4500
008 100315s9999 xx 000 0 und d
020 _a8172743548 
040 _cENGLISH 
082 _b9670 
_a336.24 
100 _aNabhi
245 _a"Income Tax Guidelines and Mini Ready Reckoner alongwith Wealth Tax 2000-01, 2001-02"
260 _aNEW DELHI 
_bNabhi  
_c2000 
300 _a"xlix,394  "
365 _eRupees 
_d
_b0.00 
366 _f
505 _gVaibhav Gaikwad 
530 _bDonated By RBI Library  
620 _a"Income Tax, RBI Book, Taxation, Agricultural Income, Salary "
630 _a"Income Tax Guidelines and Mini Ready Reckoner alongwith Wealth Tax 2000-01, 2001-02"
650 _aTax 
730 _a"Income Tax Guidelines and Mini Ready Reckoner alongwith Wealth Tax 2000-01, 2001-02"
942 _cBOOK
999 _c484404
_d484401